000 00323nam a2200145Ia 4500
005 20260328101446.0
008 260328s9999||||xx |||||||||||||| ||und||
100 _aBerger, John
245 0 _aModos de ver /
_cJohn Berger
250 _a5a ed.
260 _bGustavo Gili
300 _a177 p.
650 _aARTE
942 _cBK
999 _c8463
_d8463